Aircraft with Perfect Safety Records - Statistics

General Stats
  • This quiz has been taken 340 times
    23 since last reset
  • The average score is 5 of 8
Answer Stats
Manufacturer Answer % Correct
Airbus Airbus A380
100%
Bombardier/Airbus Airbus A220/CSeries
78%
Airbus Airbus A340
78%
Airbus Airbus A350
78%
Airbus Airbus A318/19/neo
74%
Embraer Embraer E-Jet E2
48%
Boeing/McDonnell Douglas Boeing 717
43%
Embraer Embraer ERJ
30%
No matching quizzes found
Score Distribution
Percent of People with Each Score
Percentile by Number Answered
Your Score History
You have not taken this quiz since the last reset